| 000 | 00502 a2200181 4500 | ||
|---|---|---|---|
| 020 | _a978-9945-9519-2-9 | ||
| 245 | 1 | 0 | _aSi me muestra tu fe No hay que ver para creer |
| 100 | 1 | _aReyes, Faustino | |
| 260 |
_bPublicaciones Gente de Valores _c2025-06-14 |
||
| 650 | 0 | _aReligión | |
| 300 | _a90 páginas | ||
| 250 | _a1 edición | ||
| 500 | _aTamaño: 5.5x8.5cm. | ||
| 500 | _aPrecio: $400 | ||
| 500 | _aEncuadernación: Tapa blanda o rústica | ||
| 500 | _aSoporte: Impreso | ||
| 041 | _aEspañol | ||
| 999 |
_c15163 _d15163 |
||